An Experimental Study on Flexural Properties of Recyceled Aggregate Concrete (Record no. 554404)
[ view plain ]
| 000 -LEADER | |
|---|---|
| fixed length control field | 00584nam a22001937a 4500 |
| 082 ## - DEWEY DECIMAL CLASSIFICATION NUMBER | |
| Classification number | P-857 |
| 100 ## - MAIN ENTRY--PERSONAL NAME | |
| Personal name | Mannan, Abdul |
| 9 (RLIN) | 35988 |
| 245 ## - TITLE STATEMENT | |
| Title | An Experimental Study on Flexural Properties of Recyceled Aggregate Concrete |
| 260 ## - PUBLICATION, DISTRIBUTION, ETC. | |
| Place of publication, distribution, etc. | Risalpur, |
| Name of publisher, distributor, etc. | MCE, |
| Date of publication, distribution, etc. | 2020. |
| 300 ## - PHYSICAL DESCRIPTION | |
| Extent | 62 pages.; |
| Dimensions | 30 cm. |
| 526 ## - STUDY PROGRAM INFORMATION NOTE | |
| Program name | 0 |
| Interest level | 0 |
| Reading level | 0 |
| Title point value | P_857 |
| 650 ## - SUBJECT ADDED ENTRY--TOPICAL TERM | |
| Topical term or geographic name entry element | Structure |
| Topical term following geographic name entry element | Syn -20 |
| 9 (RLIN) | 35989 |
| 700 ## - ADDED ENTRY--PERSONAL NAME | |
| Personal name | Hafiz Naeem Abid |
| 9 (RLIN) | 35992 |
| 700 ## - ADDED ENTRY--PERSONAL NAME | |
| Personal name | Hassan Hafiz |
| 9 (RLIN) | 35991 |
| 700 ## - ADDED ENTRY--PERSONAL NAME | |
| Personal name | Muhammad Zeeshan |
| 9 (RLIN) | 15696 |
| 700 ## - ADDED ENTRY--PERSONAL NAME | |
| Personal name | Salar Khalid |
| 9 (RLIN) | 35993 |
| 700 ## - ADDED ENTRY--PERSONAL NAME | |
| Personal name | Supervisor Abdul Basit |
| 9 (RLIN) | 35990 |
| 942 ## - ADDED ENTRY ELEMENTS (KOHA) | |
| Source of classification or shelving scheme | |
| Koha item type | Book |
| Withdrawn status | Lost status | Source of classification or shelving scheme | Damaged status | Not for loan | Permanent Location | Current Location | Date acquired | Total Checkouts | Full call number | Barcode | Date last seen | Price effective from | Koha item type |
|---|---|---|---|---|---|---|---|---|---|---|---|---|---|
| Military College of Engineering (MCE) | Military College of Engineering (MCE) | 08/28/2020 | P-857 | MCE-P-857 | 08/28/2020 | 08/28/2020 | Book |
